| 000 | 00514nam a2200193Ia 4500 | ||
|---|---|---|---|
| 008 | 130318s9999 xx 000 0 und d | ||
| 020 | _a3527305890 | ||
| 082 | _a540.1133 HOL/M | ||
| 100 | _aHoltje, H.D | ||
| 245 | _aMolecular modeling: Basic principles and applications | ||
| 250 | _a2 | ||
| 260 |
_bWiley _aWeinheim _c2003 |
||
| 300 | _a228 | ||
| 440 | _aMethods and Principles in Medicinal Chemistry Vol | ||
| 650 | _aCHEMISTRY | ||
| 650 | _aMOLECULAR MODELING | ||
| 700 | _aRognan, D | ||
| 700 | _aSippl, W | ||
| 999 |
_c967 _d967 |
||